000 00883nam a22002537a 4500
005 20170123162320.0
010 _aB-283978
020 _c200.00
035 _aB-283978
037 _bCen Lib/Ret
040 _aDPL
_bUR
082 _a840.8
_bف ے ا
100 _aفیاض رفعت
_9116592
245 _aنقد آگھی :
_cفیاض رفعت
_bعصری ادب کے حوالے سے /
246 _aNaqad-e-aaghi : asari adab ke hawale se /
_bby Fyaz Rafat
260 _a دہلی
_bمیعمعیار پبلیکیشنز
_c2010
270 _b دہلی
_aتاج انکلیو گیتا کالونی
_e110031
300 _a136p.
_c21cm(Hb)
650 _a ادب - اردو
_9116593
650 _a تاریخ اور تنقید
_9109630
650 _aLiterature -- Urdu
_9116594
650 _aHistory and criticism
_923722
942 _2ddc
_cUR
_h840.8
_mف ے ا
999 _c107005
_d107005